| 000 | 00577nam a2200229Ia 4500 | ||
|---|---|---|---|
| 003 | IT-RoPAU | ||
| 008 | 120407s9999 xx 000 0 und d | ||
| 040 | _aIT-RoPAU | ||
| 040 | _cIT-RoPAU | ||
| 041 | _aita | ||
| 100 | _aAdolfo Lippi | ||
| 245 | _a"Mistico ed evangelizzatore San Paolo della Croce. La Passione di Gesù manifestazione dell’amore del Padre." | ||
| 250 | _aCinisello Balsamo | ||
| 260 | _aEdizioni Paoline | ||
| 260 | _c1993 | ||
| 300 | _a355 p. | ||
| 300 | _c21 cm | ||
| 490 | _aI protagonisti | ||
| 490 | _v114 | ||
| 942 | _cBK | ||
| 999 |
_c33281 _d33281 |
||